| 000 | 00958nam a22002177a 4500 | ||
|---|---|---|---|
| 003 | SISC | ||
| 005 | 20160601150945.0 | ||
| 008 | 160525b xxu||||| |||| 00| 0 eng d | ||
| 020 | _a9780980138207 | ||
| 050 |
_aJX 1962. A2 _bB442 2008 |
||
| 100 | _aBeller, Ken | ||
| 245 |
_aGreat peacemakers: _btrue stories from around the world / |
||
| 260 |
_aSedona, Ariz. : _bLTS Press, _cc2008 |
||
| 300 |
_a xii, 195 p. : _bill., _c24 cm. |
||
| 520 | _aProfiles twenty people who have promoted peace in their lives from a Vietnamese monk to a Brazilian musician. Explores five approaches to peacemaking: choosing nonviolence, living peace, honoring diversity, valuing all life, and caring for the planet. | ||
| 650 | _aPacifists--Biography--Juvenile literature | ||
| 650 | _aCivil rights of workers--Biography--Juvenile literature | ||
| 650 | _aAnimal rights activists--Biography--Juvenile literature | ||
| 700 | _aChase, Heather | ||
| 942 |
_2lcc _cBK |
||
| 999 |
_c294990 _d294990 |
||